Normal view
MARC view
Entry Personal Name
001 - CONTROL NUMBER
- control field: 14234
003 - CONTROL NUMBER IDENTIFIER
- control field: OSt
005 - DATE AND TIME OF LATEST TRANSACTION
- control field: 20210514150621.0
008 - FIXED-LENGTH DATA ELEMENTS
- fixed length control field: 210514|| aca||aabn | a|a d
040 ## - CATALOGING SOURCE
- Original cataloging agency: OSt
- Transcribing agency: OSt
100 ## - HEADING--PERSONAL NAME
- Personal name: Asmar, Nakhle H.
670 ## - SOURCE DATA FOUND
- Source citation: Work cat.: (OSt): Asmar, Nakhle H., Partial differential Equations with fourier series and boundary value problems, 2005
